000 00992nmc a2200313 a 4500
003 AR-BaBNM
005 20251128203923.0
008 175119s1991 ||||||||||||||000 | spa||
020 _a950-755-011-9
040 _cAR-BaBNM
100 1 _aPérez Alvarez, Sergio
245 1 0 _aLas investigaciones exploratorias y descriptivas en las ciencias de la educación
250 _a3ª ed. aum. y corr.
260 _aBuenos Aires
_bBraga
_c1991
300 0 _a188 p.
_btablas
490 0 _aDidáctica operativa
_vv. 23
500 0 _aPrólogo a la 1era edición por Ethel M. Manganiello
504 _aBibliografía en p. 181-183
650 4 _aMETODOS DE INVESTIGACION
650 4 _aRECOPILACION DE DATOS
650 4 _aANALISIS DE DATOS
650 4 _aMETODOLOGIA DE LA INVESTIGACION
650 4 _aCIENCIAS DE LA EDUCACION
653 0 _aINVESTIGACION EDUCATIVA
653 0 _aINVESTIGACION PARTICIPATIVA
800 1 _aPérez Alvarez, Sergio
_edirector
942 _cBK
998 _cCarmen
999 _c5474
_d5474